Statistics for Every Mario Song on the Billboard Hot 100

Click here to take the quiz!

General Stats

  • This quiz has been taken 12 times
    (8 since last reset)
  • The average score is 3 of 8

Answer Stats

#YearSong% Correct
12005Let Me Love You
100%
42002Just A Friend 2002
63%
742002Braid My Hair
38%
142009Break Up ft. Gucci Mane & Sean Garrett
38%
332008Crying Out For Me
25%
522005How Could You
25%
462007How Do I Breathe
25%
952010Ooh Baby
13%

Score Distribution

Percentile by Number Answered

Percent of People with Each Score

Your Score History

You have not taken this quiz since the last reset